000
00201nam a22000977a 4500
999
_c
533536
_d
533536
040
_c
dlc
082
_a
813.6
100
_a
Christine Feehem
_9
27479
245
_a
Dangerous Tides
942
_2
ddc
_c
BK